000 00756nam a2200289Ia 4500
001 Para_709
003 CHAP
008 220125s1914 xx 000 0 und d
010 _a199434
040 _cCHAP
090 _aPA FOLLETO 3425
100 _aJackman, J.A.
_9164671
245 _aSpiders /
_c by J.A. Jackman and P.J. Hamman
260 _aTexas :
_b The Texas a&M. University Sistem
300 _a1 hoja
410 _aHouse and landscape pests
650 _aAracnidos
_97284
650 _aAraƱas
_96524
700 _aHamman, P.J.
_9164672
901 _aPA FOLLETO 3425
902 _aA
905 _a0000001914 0000000000 00
910 _a1914
942 _cPARA
942 _cPARA
_d1
999 _c199434
_d199434